Alle Fussballvereine der Bundesligen 1-3 - Statistiken

Allgemein
  • Dieses Quiz wurde 3.553 mal gespielt
  • Das Durchschnittsergebnis liegt bei 40 aus 60
Antwortstatistiken
Antwort % Korrekt
Bayern München
99%
Borussia Dortmund
97%
Hamburger SV
90%
RB Leipzig
89%
Werder Bremen
89%
Werder Bremen II
89%
1. FC Köln
88%
FC Schalke 04
88%
SC Fortuna Köln
88%
Bayer 04 Leverkusen
86%
Eintracht Frankfurt
86%
FSV Frankfurt
86%
1. FC Union Berlin
85%
Stuttgarter Kickers
85%
VfB Stuttgart
85%
VfB Stuttgart II
85%
Hertha BSC
83%
SC Freiburg
83%
Borussia Mönchengladbach
82%
FC Augsburg
82%
VfL Wolfsburg
81%
1. FSV Mainz 05
80%
1. FSV Mainz 05 II
80%
1. FC Nürnberg
78%
Dynamo Dresden
77%
Hannover 96
77%
TSG Hoffenheim 1899
75%
FC St. Pauli
72%
Fortuna Düsseldorf
72%
TSV 1860 München
72%
1. FC Kaiserslautern
70%
Holstein Kiel
70%
SpVgg Greuther Fürth
70%
VfL Bochum
70%
SV Darmstadt 98
69%
Arminia Bielefeld
68%
Eintracht Braunschweig
65%
Hansa Rostock
64%
FC Ingolstadt 04
63%
SC Paderborn 07
62%
Karlsruher SC
60%
1. FC Heidenheim
57%
1. FC Magdeburg
56%
MSV Duisburg
54%
FC Erzgebirge Aue
48%
SV Sandhausen
45%
VfL Osnabrück
45%
Energie Cottbus
42%
Preußen Münster
40%
SV Wehen Wiesbaden
40%
FC Rot-Weiß Erfurt
39%
Hallescher FC
37%
---
36%
---
36%
---
36%
---
36%
Chemnitzer FC
33%
Würzburger Kickers
30%
VfR Aalen
24%
SG Sonnenhof Großaspach
16%
Keine übereinstimmenden Quizze gefunden
Verteilung der Resultate
Anzahl Personen mit jedem Resultat
Perzentil nach korrekt beantworteten Fragen
Ihre Resultats-Entwicklung
Sie haben dieses Quiz noch nicht gespielt